ThefFuture of law in Africa: record of proceedings of the London conference, 28December 1959 - 8 January 1960 (Record no. 372196)

000 -LEADER
fixed length control field 00378cam a22001217a 4500
008 - FIXED-LENGTH DATA ELEMENTS--GENERAL INFORMATION
fixed length control field 180718b1960 xxu||||| |||| 00| 0 eng d
082 ## - DEWEY DECIMAL CLASSIFICATION NUMBER
Classification number G93x6 L846
245 ## - TITLE STATEMENT
Title ThefFuture of law in Africa: record of proceedings of the London conference, 28December 1959 - 8 January 1960
260 ## - PUBLICATION, DISTRIBUTION, ETC.
Place of publication, distribution, etc. London
Name of publisher, distributor, etc. Butterworth
Date of publication, distribution, etc. 1960
300 ## - PHYSICAL DESCRIPTION
Extent 58p.
500 ## - GENERAL NOTE
General note Rs.6.00
650 ## - SUBJECT ADDED ENTRY--TOPICAL TERM
Topical term or geographic name entry element Law - Africa
Holdings
Withdrawn status Lost status Damaged status Not for loan Permanent Location Current Location Date acquired Full call number Barcode Date last seen Price effective from Koha item type
        Indian Institute of Public Administration Indian Institute of Public Administration 1994-06-14 G93x6 L846 22782 2018-07-21 2018-07-21 Book

Powered by Koha